Estrategias empresariales

Detalles Bibliográficos
Autor principal: Lp̤ez Navaza, Carlos
Otros Autores: Soteras, ℓngel Martn̕
Formato: eBook
Lenguaje:español
Publicado: Bogot:̀ ECOE, 2013
Edición:2da. Edicin̤
Materias:
Acceso en línea:Acceso restringido

MARC

LEADER 00000nam a22000007a 4500
005 20220207212235.0
007 cr|||| ||||
008 220207s2013 co |||||s|||| 00||0 spa d
020 |a 978-958-648-862-4 
035 |a 35794 
040 |a vLex 
090 |c 12931  |d 12931 
100 1 |a Lp̤ez Navaza, Carlos 
245 1 0 |a Estrategias empresariales  |h [Recurso electrn̤ico] /  |c Carlos Lp̤ez Navaza, ℓngel Martn̕ Soteras 
250 |a 2da. Edicin̤ 
256 |a Servicio en ln̕ea 
260 |a Bogot:̀  |b ECOE,  |c 2013 
300 |a 1 recurso electrn̤ico 
500 |a “No hay viento favorable para el que no sabe a dn̤de va”. Entendemos que esta cita pone de manifiesto la importancia de la eleccin̤ estratǧica en una empresa y, por tanto, el interš de este libro. No obstante, no estamos ante un libro ms̀ de teora̕ estratǧica, nos encontramos con una exposicin̤ de la prc̀tica de la misma, mediante ejemplos de empresas actuales. Ofrece, por tanto, una visin̤ de la realidad empresarial con multitud de opciones estratǧicas que conducen a distintos resultados. Por ello, el lector tendr ̀la oportunidad de constatar y confrontar sus teora̕s haciňdole reflexionar sobre su situacin̤ actual y sobre la eleccin̤ del camino alternativo que se le plantea para conducirle a su meta deseada. Los tiempos que vivimos, sumidos en una constante crisis, no tienen respuesta si no se hace conociendo esta competencia directiva (Visin̤ estratǧica), asumiendo que los pero̕dos de crisis son los comienzos de los grandes cambios sociales que se han dado y se darǹ. Este libro debera̕ de formar parte no solo de los textos de las Escuelas de Negocio y de las Universidades, sino tambiň de la biblioteca personal de lectura y consulta de los dirigentes o profesionales de las empresas. En defn̕itiva, es un libro que ayuda a las empresas a plantear sus metas y la manera de alcanzarlas, y tambiň a las personas a sintonizar con los objetivos de sus empresas. 
506 1 |a Disponible solo en los productos indicados  |d vLex Global  |d vLex Global (Academic Edition, excluding Law Schools)  |d vLex Global (U.S. Academic Edition, Law Schools)  |d vLex Global (U.S. Academic Edition, excluding Law Schools)  |d vLex Global (Academic Edition, Law Schools) 
650 0 4 |a Economa̕ y negocios  |z Colombia 
700 1 |a Soteras, ℓngel Martn̕ 
740 0 4 |a vLex Libros (Servicio en ln̕ea) 
856 4 0 |u https://app.vlex.com/#/sources/35794  |z Acceso restringido 
942 |c BOOK 
999 0 |a Economy and business